| 000 | 01689nam0a22003851 4500 | ||
|---|---|---|---|
| 001 | rc\1917358 | ||
| 005 | 20260406165949.0 | ||
| 035 | _a(NLR Aleph) 005282793 | ||
| 090 |
_a6115194 _c6115194 |
||
| 100 | _a20080404d1912 |||y0rusy50 ca | ||
| 101 | 1 |
_arus _ceng |
|
| 102 | _aRU | ||
| 105 | _ay z |||a| | ||
| 200 | 1 |
_aДрэд _eРоман _fГ. Бичер-Стоу _gСокр. пер. с англ. Э.А. Серебрякова |
|
| 210 |
_aСанкт-Петербург _cВестн. знания (В.В. Битнера) _d1912 |
||
| 215 |
_a256 с. _d20 |
||
| 225 | 1 |
_aЛитературный альманах Вестника знания _fСоч. Бичер-Стоу |
|
| 300 | _aИзд. вышло в 2 вып. | ||
| 300 | _aЗагл. ориг.: Dred | ||
| 300 | _aПер. также под загл.: Жизнь южных штатов | ||
| 311 | _aБеспл. прил. к "Неделе" Вестн. знания | ||
| 422 | 0 |
_12001#$aНеделя Вестника знания _tНеделя Вестника знания |
|
| 451 | 0 |
_12001#$aЖизнь южных штатов _tЖизнь южных штатов |
|
| 454 | 0 |
_12001#$aDred _tDred |
|
| 532 | 1 | 3 | _aДрэд |
| 700 | 1 |
_8rus _7ca _aБичер-Стоу _bГ. _f1811-1896 _gГарриет _3RU\NLR\AUTH\7712620 _9122331 |
|
| 702 | 1 |
_4730 _8rus _7ca _aСеребряков _bЕ. А. _f1854-1921 _gЕспер Александрович _3RU\NLR\AUTH\77118718 _9101643 |
|
| 801 | 0 |
_aRU _bNLR _c20080404 _gpsbo |
|
| 801 | 0 |
_aRU _bRuMoRGB _c20080404 _2psbo |
|
| 801 | 1 |
_aRU _bProSoft-M _c20080404 _2rusmarc |
|
| 801 | 2 |
_aRU _bNLR _c20121223 _2rusmarc |
|
| 852 |
_aNLR _j38.37.8.65 |
||
| 942 | _cBOOK | ||
| 980 | _aNB | ||